Analýza moderných metód hodnotenia výkonnosti podniku založených na princípe hodnotovo orientovaného riadenia diplomová práca

Enregistré dans:
Détails bibliographiques
Auteur principal: Janišová, Lucia
Collectivité auteur: Fakulta podnikového manažmentu EU. Katedra podnikových financií
Autres auteurs: Šrenkel, Ľudovít
Format: Livre
Langue:slovaque
Publié: Bratislava 2014
Tags: Ajouter un tag
Pas de tags, Soyez le premier à ajouter un tag!

MARC

LEADER 00000nbm a2200000 4500
001 0187821
005 20170201091259.5
041 0 |a slo 
044 |a SK 
245 1 0 |a Analýza moderných metód hodnotenia výkonnosti podniku založených na princípe hodnotovo orientovaného riadenia  |b diplomová práca  |c Lucia Janišová ; školiteľ: Ľudovít Šrenkel 
264 1 |a Bratislava  |c 2014 
300 |a 76 s. 
100 1 |a Janišová, Lucia 
700 1 |a Šrenkel, Ľudovít 
710 2 |a Fakulta podnikového manažmentu EU. Katedra podnikových financií